000 00924nam a22002897a 4500
001 5222
003 FISKH
005 20241120103857.0
008 241120b cb ||||| |||| 00| 0 eng d
020 _a046594005991
040 _aFISKH
_beng
_cFISKH
_dFISKH
050 _aPZ7.B934
082 _a813.4
100 _aBurnett ,Frances Hodgson
245 _aThe Secret Garden /
_cby Frances Hodgson Burnett
260 _aNew York :
_bHarperCollins Publishers ;
_c1962 .
300 _a358 pages :
_billustrations ;
_c20 cm .
505 _aZ
520 _aTen-year-old Mary comes to live in a lonely house on the Yorkshire moors and discovers an invalid cousin and the mysteries of a locked garden.
521 8 _a970
_bLexile
521 8 _aZ
_bRaz-Plus
650 _a friendship
_vfiction
650 _ato-read
_vfiction
700 _aTudor, Tasha
_eillustrator
942 _2ddc
_cBK
_n0
999 _c5222
_d5222